Govt. of
Madhya Pradesh

Normal view MARC view

Entry Personal Name

Number of records used in: 2

001 - CONTROL NUMBER

  • control field: 78646

003 - CONTROL NUMBER IDENTIFIER

  • control field: OSt

005 - DATE AND TIME OF LATEST TRANSACTION

  • control field: 20200313125329.0

008 - FIXED-LENGTH DATA ELEMENTS

  • fixed length control field: 200313|| aca||aabn | a|a d

040 ## - CATALOGING SOURCE

  • Original cataloging agency: OSt
  • Transcribing agency: OSt

100 ## - HEADING--PERSONAL NAME

  • Personal name: नागाेरी, डॉ .एस. एल .

670 ## - SOURCE DATA FOUND

  • Source citation: Work cat.: (OSt): नागाेरी, डॉ .एस. एल ., भारतीय वीरांगनाऍ , 2019